00544nam a2200181Ia 4500003000900000008004100009040001600050080001600066100001600082245011800098260003100216300001600247650001400263650002600277650002200303650002000325650001700345IN-BaIIA211028s9999 xx 000 0 eng d cIIA Library a34(09)bJOI aJois, M. R. 0aLegal and constitutional history of Indiabvol. I, ancient legal, judicial and constitutional system.cM. R. Jois aBombaybN.M.Tripathic1984 axxiv, 723p. aCivil Law aConstitutional System aCostitutional Law aJudicial System aLegal System